书目信息 |
| 题名: |
机器基础
|
|
| 作者: | 劳施 , Rausch 著 ;武汉钢铁设计研究院 译 | |
| 分册: | 下册 | |
| 出版信息: | 北京 冶金工业出版社 1981 |
|
| 页数: | 559-1004页 | |
| 开本: | 21cm | |
| 丛书名: | ||
| 单 册: | ||
| 中图分类: | TK05 | |
| 科图分类: | ||
| 主题词: | 机器-基础(工程) , 基础(工程)-机器 , 动力机械 | |
| 电子资源: | ||
| ISBN: | ||
| 000 | 00782nam0 2200277 45 | |
| 001 | 0181006466 | |
| 005 | 20060814143136.78 | |
| 010 | @dCNY1.75 | |
| 091 | @a15062.3764 | |
| 100 | @a19950608d1981 em y0chiy0121 ea | |
| 101 | 1 | @achi@cger |
| 102 | @aCN@b110000 | |
| 105 | @ay z 000yy | |
| 200 | 10 | @a机器基础@Aji qi ji chu@h下册@f(德)劳施(Rausch,E.)著@g武汉钢铁设计研究院译 |
| 210 | @a北京@c冶金工业出版社@d1981 | |
| 215 | @a559-1004页@d21cm | |
| 606 | @a机器-基础(工程) | |
| 606 | @a基础(工程)-机器 | |
| 606 | 0 | @a动力机械 |
| 690 | @aTK05@v3 | |
| 701 | 1 | @a劳施@Alao shi@bE.@4著 |
| 701 | A1 | @aRausch@bE.@4著 |
| 712 | 02 | @a武汉钢铁设计研究院@Awu han gang tie she ji yan jiu yuan@4译 |
| 801 | 2 | @aCN@bNLC@c20060814 |
| 801 | 0 | @aCN@bTSSF |
| 905 | @a10447@dTK05@e70:2 | |
| 机器基础.下册/(德)劳施(Rausch,E.)著/武汉钢铁设计研究院译.-北京:冶金工业出版社,1981 |
| 559-1004页;21cm |
| ISBN :CNY1.75 |
| ● |
| 相关链接 |
|
|
|
|
正题名:机器基础
索取号:TK05/70:2
 
预约/预借
| 序号 | 登录号 | 条形码 | 馆藏地/架位号 | 状态 | 备注 |
| 1 | 0458180 | 204581808 | 密集书库/ [索取号:TK05/70:2] | 在馆 |